| 000 | 006510000a22001810004500 | ||
|---|---|---|---|
| 005 | 20231128000012.0 | ||
| 008 | 230817t1997 ||||| |||| 00| 0 eng d | ||
| 020 | _a0192628712 | ||
| 082 |
_a362.71 _bBEL |
||
| 100 | _aBellamy, Carol | ||
| 245 | _aThe state of the world's children 1997 | ||
| 260 |
_aOxford: _bOxford University press, _c1997 |
||
| 300 |
_a108 p. _bGlossary and index included |
||
| 650 | _aCHILDREN-Developing countries | ||
| 650 | _a Children--Health and hygiene-Developing countries | ||
| 856 | _uhttps://www.youthpolicy.org/library/wp-content/uploads/library/1997_UNICEF_State_of_the_worlds_Children_Report_Eng.pdf | ||
| 942 | _cRP | ||
| 999 |
_c2630 _d2630 |
||